000
00305nam a2200121Ia 4500
008
220204s9999 xx 000 0 und d
082
_a
58/581:635.91
_b
BON
100
_a
BONAR, Ann
245
0
_a
Wonderful world of indoor plants
260
_a
London
_b
Galley
_c
1976
650
_a
Indoor plants
942
_c
BK
999
_c
35547
_d
35547